| 000 | 00464nam a22001577a 4500 | ||
|---|---|---|---|
| 003 | PILC | ||
| 005 | 20160128095027.0 | ||
| 008 | 160128b xxu||||| |||| 00| 0 eng d | ||
| 050 |
_aHQ 536 _b.T161 |
||
| 100 | _aTan, Larry. | ||
| 245 |
_aFamily encounter weekend / _cLarry Tan. |
||
| 260 |
_aMakati City : _bDon Bosco Technical Institute, |
||
| 300 |
_a96 pages : _billustrations ; _c25 cm. |
||
| 500 | _aIncludes bibliographical reference. | ||
| 942 |
_2lcc _cBK _kFIL |
||
| 999 |
_c290453 _d290453 |
||